Who Is That South American Animal? Quiz Stats

 Plays Quiz Updated Jul 26, 2020

Support Sporcle.
Go Orange.
Score 0/24 Timer 06:00
1 Play Today
Question Answer Wrong Answers
Who is a Giant Anteater? Giant Anteater
89.3%
Indian Pangolin
2.3%
Aardvark
6.5%
Echidna
1.8%
Who is a Capybara? Capybara
87.6%
Rock Hyrax
2.6%
Coatimundi
3%
Wombat
5.3%
Who is a Choco Toucan? Choco Toucan
85.5%
Great Hornbill
7.1%
Major Mitchell's Cockatoo
2.4%
Atlantic Puffin
4.7%
Who is a Brazilian Tapir? Brazilian Tapir
84.8%
Babirusa
3.3%
White-lipped Peccary
3.4%
Saiga
5.1%
Who is a Dyeing Dart Frog? Dyeing Dart Frog
84.1%
American Bullfrog
4.1%
Cane Toad
3.2%
Giant Rain Frog
4.5%
Who is an Anaconda? Anaconda
83.1%
Banded Sea Krait
2.4%
Green Tree Python
10.8%
King Cobra
2.7%
Who is a Galápagos Tortoise? Galápagos Tortoise
83%
Green Sea Turtle
5.4%
Florida Box Turtle
4.8%
Common Snapping Turtle
3.4%
Who is a Brown-throated Sloth? Brown-throated Sloth
81.7%
Groves' Dwarf Lemur
2.7%
Slow Loris
3%
Silky Anteater
9.8%
Who is a Jaguar? Jaguar
81.6%
Serval
5.8%
Snow Leopard
2.3%
Cheetah
9.7%
Who is a Dwarf Caiman? Cuvier's Dwarf Caiman
80.5%
Alligator Gar
3.2%
Asian Water Monitor
7.8%
Tuatara
6.7%
Who is a Scarlet Macaw? Scarlet Macaw
80.5%
Scarlet Ibis
5.2%
Painted Bunting
4.6%
Red Bird-of-paradise
6.1%
Who is an Andean Condor? Andean Condor
80.4%
Grey Crowned Crane
4%
Kori Bustard
4.8%
Golden Eagle
8.3%
Who is a South American Coral Snake? South American Coral Snake
80%
Bamboo Viper
5.6%
Puff Adder
4.4%
Boomslang
5.6%
Who is an Amazon River Dolphin? Amazon River Dolphin
77.6%
Beluga Whale
4.3%
Common Dolphin
9.2%
Irrawaddy Dolphin
4.6%
Who is a Piranha? Piranha
73.8%
Barracuda
9.9%
Black Crappie
8.7%
Goliath Tigerfish
4.7%
Who is a Maned Wolf? Maned Wolf
70.5%
African Wild Dog
4.1%
Coyote
14.7%
Island Fox
6.9%
Who is an Ocelot? Ocelot
69.8%
African Civet
6.4%
Iberian Lynx
17.6%
Spotted Hyena
2.6%
Who is a Marine Iguana? Marine Iguana
66.9%
Fire Salamander
21.5%
Nile Monitor
4%
Gila Monster
4.9%
Who is a Rhea? Rhea
58.3%
Kea
10.6%
Potoo
22.8%
Great Blue Heron
6.1%
Who is a Hoatzin? Hoatzin
49%
Gerenuk
14.4%
North American Porcupine
19.4%
Blue-tongued Skink
13.2%
Who is a Kinkajou? Kinkajou
45.6%
Elephant Shrew
27.2%
Green Anole
5.2%
Hoopoe
17.6%
Who is a Pygmy Marmoset? Pygmy Marmoset
43.5%
Japanese Dwarf Flying Squirrel
12.5%
Sugar Glider
25.5%
Squirrel Monkey
15.4%
Who is a Vicuña? Vicuña
42.4%
Bactrian Camel
2.6%
Muntjac
42.5%
Himalayan Tahr
9.5%
Who is an Arapaima? Arapaima
36.7%
Numbat
23.3%
Axolotl
18.5%
Wilson's Bird of Paradise
16.9%

You're not logged in!

Compare scores with friends on all Sporcle quizzes.
OR
Log In

From the Vault

Lego Album Covers

by FearTheManatee

These albums were something you could really build a career out of.
Remove Ads.
Support Sporcle.
Get the best of Sporcle when you Go Orange. This ad-free experience offers more features, more stats, and more fun while also helping to support Sporcle. Thank you for becoming a member.

Show Comments

Extras

Top Quizzes Today


Score Distribution

Your Account Isn't Verified!

In order to create a playlist on Sporcle, you need to verify the email address you used during registration. Go to your Sporcle Settings to finish the process.

Report this User

Report this user for behavior that violates our Community Guidelines.

Details: